00849cam a2200241 a 4500001000500000005001700005020001800022040003700040050001400077082000800091100002800099245008000127260003200207300004700239500003300286505000800319520013700327521002000464521002000484650003700504650003300541700003300574243820250624135443.0 a9780545317597 aBTCTAbengcBTCTAdNOGdNYPdDLC00aPZ7.S814700a3171 aSteele, Michael Anthony10aFight this fire! cby Michael Anthony Steele ; illustrated by Chuck Primeau aNew York bScholasticc2011 a24 pages : bColor illustrations ; c21 cm aAt head of title: LEGO city. aJ  aWhen a rookie starts with the Lego City Fire Department, the chief has a hard time finding something the new fire fighter does well. a500 bLexile  aR bRaz-Plus  0aFire fightersvJuvenile fiction. 0aLEGO toysvJuvenile fiction.1 aPrimeau, Chuckeillustrator